| 000 | 00639nam a22002057a 4500 | ||
|---|---|---|---|
| 003 | OSt | ||
| 005 | 20260126070446.0 | ||
| 008 | 260126b |||||||| |||| 00| 0 eng d | ||
| 020 | _a0-312-18253-8. | ||
| 040 |
_aDWC-Main lib. _cOC |
||
| 082 |
_24th ed. _aCirc. 909.09821 S678 1999 |
||
| 100 | _aGolden, Richard M. | ||
| 245 |
_aThe social dimension of western civilization/ _cRichard M. Golden |
||
| 250 | _a4th ed. | ||
| 260 |
_aBoston : _bBedford/St. Martins, _c c1999. |
||
| 300 |
_axxi, 355 p. ; _c23 cm. |
||
| 650 | _a1. Civilization, Western. | ||
| 650 | _a2. Social history. | ||
| 942 |
_2ddc _cBK-CIRC _e4th ed. _hCirc. _n0 |
||
| 999 |
_c7808 _d7808 |
||